La negociación colectiva como práctica de relaciones laborales en Costa Rica /
Enregistré dans:
| Auteur principal: | |
|---|---|
| Format: | Thèse |
| Publié: |
San José:
Universidad de Costa Rica
|
| Tags: |
Ajouter un tag
Pas de tags, Soyez le premier à ajouter un tag!
|
MARC
| LEADER | 00000 a a2200000 04500 | ||
|---|---|---|---|
| 001 | 20371 | ||
| 003 | |||
| 040 | |a CRAI/IIS |c CRAI/IIS | ||
| 090 | |a 08497.00 | ||
| 100 | |a Pacheco Rivas, Rayford | ||
| 245 | |a La negociación colectiva como práctica de relaciones laborales en Costa Rica / |c Pacheco Rivas, Rayford | ||
| 260 | |a San José: |b Universidad de Costa Rica | ||
| 300 | |a 61 páginas | ||
| 502 | |a Tesis (Licenciado en Derecho) -- Universidad de Costa Rica. Facultad de Derecho, 1976 | ||
| 999 | |c 18116 |d 18116 | ||
